Central-Library-PUMHS

Online Public Access Catalogue

Welcome to PUMHS Central Library Nawabshah, SBA

Advanced practice nursing: essential knowledge for the profession (Vol: 01 & 02 ) (Record no. 37802)

000 -LEADER
fixed length control field 00355nam a22001457a 4500
082 ## - DEWEY DECIMAL CLASSIFICATION NUMBER
Classification number 610.73 DEN
100 ## - MAIN ENTRY--AUTHOR NAME
Personal name Denisco,Susan
245 ## - TITLE STATEMENT
Title Advanced practice nursing: essential knowledge for the profession (Vol: 01 & 02 )
250 ## - EDITION STATEMENT
Edition statement 5th. Edition
260 ## - PUBLICATION, DISTRIBUTION, ETC. (IMPRINT)
Year of publication 2021
300 ## - PHYSICAL DESCRIPTION
Number of Pages 943
490 ## - SERIES STATEMENT
Series statement 5th. Edition
650 ## - SUBJECT ADDED ENTRY--TOPICAL TERM
Topical Term Nursing
942 ## - ADDED ENTRY ELEMENTS (KOHA)
Koha item type Books
Holdings
Withdrawn status Lost status Permanent Location Current Location Shelving location Date acquired Source of acquisition Cost, normal purchase price Full call number Accession Number Koha item type
    Central Library New Campus PUMHS Nawabshah,(SBA) Central Library New Campus PUMHS Nawabshah,(SBA) Nursing Library 2026-02-28 M/S New Noble Bill No: 101 NNB , Date: 05/06/2025 1767.00 610.73 DEN 41036 Ref Books
    Central Library New Campus PUMHS Nawabshah,(SBA) Central Library New Campus PUMHS Nawabshah,(SBA) Nursing Library 2026-02-28 M/S New Noble Bill No: 101 NNB , Date: 05/06/2025 1767.00 610.73 DEN 41037 Ref Books

Copyright © 2018,The PUMHSW, Nawabshah, Shaheed Benazirabad. All rights reserved
Mr. Abdul Sattar Mahar (Chief Librarian) PUMHSW, Nawabshah, Sindh, Pakistan 67480.
Ph#: | 0244-9370425 Ext. 2241 Email| librarian@pumhs.edu.pk Web| http://www.pumhs.edu.pk
سنڌي ڪي بورڊ